000 00737nam a2200265Ia 4500
005 20260302115330.0
008 008 260114s9999 xx 000 0 eng d
020 _a9798216029786
037 _aTextbook
040 _aCRL
040 _beng
040 _cCRL
041 _2eng
041 _aeng
084 _qCRL
100 _aThomas Derrick
_91121333
245 0 _aUnderstanding Shakespeare's Julius Caesar A Student Casebook to Issues, Sources, and Historical Documents
260 _bBloomsbury
260 _bGreenwood
260 _c1998
650 _aLiterary Studies
856 _uhttps://doi.org/10.5040/9798216029786?locatt=label:secondary_bloomsburyCollections
942 _cEBOOK
999 _c1685821
_d1685821